000 01773cam a2200337 a 4500
003 OSt
005 20180923144739.0
008 030411s2016 nyua 001 0 eng
020 _a9781119248903
040 _aDLC
_cDLC
_dDLC
_beng
050 0 0 _aQA303.2
_b.A57 2002
082 0 0 _a515
_222
_bAHA
100 1 _aAnton, Howard.
_94531
245 1 0 _aAntons Calculus early transcendentals /
_cHoward Anton, Irl C. Bivens, Stephen Davis )
246 1 8 _aCalculus early transcendentals
250 _bHoward Anton, Irl Bivens, Stephen Davis.
260 _aNew York :
_bJohn Wiley & Sons,
_cc2016.
300 _a1 v. (various pagings) :
_bill. (some col.) ;
_c27 cm. +
_e1 CD-ROM (4 3/4 in.) + 1 issue of CliffsQuickReview calculus in cardboard container + 1 First aid! registration code in cardboard envelope.
500 _a"... there are now two versions of this text -- late transcendental and early transcendental ... Both versions of this text are available in two volumes, a brief edition ... and a mutlivariable edition ..."--Pref.
500 _aCalculus Machina free trial card inserted.
500 _aFirst aid! registration code in cardboard envelope affixed to interior of external container.
500 _aIncludes index.
650 0 _aCalculus.
_965046
700 1 _aDavis, Stephen,
_d1952-
_94534
700 1 _aBivens, Irl.
_94533
856 4 2 _3Publisher description
_uhttp://www.loc.gov/catdir/enhancements/fy0615/2003267337-d.html
856 4 1 _3Table of contents only
_uhttp://www.loc.gov/catdir/enhancements/fy0615/2003267337-t.html
942 _cBOOK
906 _a7
_bcbc
_corigcop
_d3
_encip
_f20
_gy-gencatlg
999 _c75152
_d312429